| 000 | nam a22 a 4500 | ||
|---|---|---|---|
| 999 |
_c2207 _d2207 |
||
| 005 | 20170515154153.0 | ||
| 008 | 170515b2000 -us||||| |||| 00| 0 eng d | ||
| 020 | _a1581600887 | ||
| 040 | _aAKMAL | ||
| 082 | _a364.168 ZAE | ||
| 090 |
_a364.168 _bZAE |
||
| 100 |
_aNorbert Zaenglein _94643 |
||
| 245 |
_aSecret Software _bMaking the Most of Computer Resources for Data Protection, Information Recovery, Forensic Examination, Crime Investigation and More |
||
| 260 |
_aUSA _bPaladin Press _c2000 |
||
| 300 |
_a119p _c15cm |
||
| 599 | _aDALAM PROSES | ||
| 942 |
_2ddc _cBOOK |
||